[Event "Madurai Athens of the East op-C 1st"]
[Site "Madurai"]
[Date "2019.08.14"]
[Round "1"]
[White "Mishail, Rashid"]
[Black "Alekhya, B."]
[Result "0-1"]
[WhiteElo "1229"]
[BlackElo "1566"]
[PlyCount "76"]
[EventDate "2019.08.14"]
[EventType "swiss"]
[EventRounds "10"]
[EventCountry "IND"]
[SourceTitle "EXT 2022"]
[Source "ChessBase"]
[SourceDate "2021.10.06"]
[SourceVersion "1"]
[SourceVersionDate "2021.10.06"]
[SourceQuality "1"]

1. e4 e6 2. c4 d5 3. exd5 exd5 4. d4 Bb4+ 5. Bd2 Bxd2+ 6. Qxd2 Nf6 7. Nc3 0-0 8. 0-0-0 Bf5 9. f3 dxc4 10. Bxc4 Bg6 11. h4 c6 12. Qg5 b5 13. Bb3 b4 14. Na4 Nd5 15. Bxd5 Qxg5+ 16. hxg5 cxd5 17. Kd2 Rc8 18. Nc5 Nc6 19. Ne2 Nxd4 20. Nxd4 Rxc5 21. Rc1 Ra5 22. Ra1 Rc5 23. Rac1 Rc4 24. Nb5 a6 25. Rxc4 dxc4 26. Nd4 Rc8 27. Re1 Kf8 28. f4 Rd8 29. Ke3 Re8+ 30. Kd2 c3+ 31. bxc3 bxc3+ 32. Kd1 c2+ 33. Nxc2 Bxc2+ 34. Kd2 Rxe1 35. Kxe1 Be4 36. g3 Ke7 37. Kf2 Bb1 38. a3 f5 0-1